| 000 -LEADER |
| fixed length control field |
01670cam a2200313 a 4500 |
| 003 - CONTROL NUMBER IDENTIFIER |
| control field |
Ost |
| 005 - DATE AND TIME OF LATEST TRANSACTION |
| control field |
20240116121253.0 |
| 008 - FIXED-LENGTH DATA ELEMENTS--GENERAL INFORMATION |
| fixed length control field |
090609s2007 gw abe b 001 0 eng c |
| 020 ## - INTERNATIONAL STANDARD BOOK NUMBER |
| International Standard Book Number |
9783422206717 |
| 020 ## - INTERNATIONAL STANDARD BOOK NUMBER |
| International Standard Book Number |
3422066713 |
| 100 1# - MAIN ENTRY--PERSONAL NAME |
| Personal name |
Schinkel, Karl Friedrich, |
| Dates associated with a name |
1781-1841. |
| 240 10 - UNIFORM TITLE |
| Uniform title |
<a href="Karl Friedrich Schinkel.">Karl Friedrich Schinkel.</a> |
| Language of a work |
English |
| 245 10 - TITLE STATEMENT |
| Title |
Karl Friedrich Schinkel : |
| Remainder of title |
guide to his buildings / |
| Statement of responsibility, etc |
translated by Wendy Wallis and Ian Petter ; authors, Andreas Bernhard ... [et al.]. |
| 250 ## - EDITION STATEMENT |
| Edition statement |
1st English ed. |
| 260 ## - PUBLICATION, DISTRIBUTION, ETC. (IMPRINT) |
| Place of publication, distribution, etc |
Munich : |
| Name of publisher, distributor, etc |
Deutscher Kunstverlag, |
| Date of publication, distribution, etc |
c2007. |
| 300 ## - PHYSICAL DESCRIPTION |
| Extent |
399 p. : |
| Other physical details |
ill., maps, plans ; |
| Dimensions |
22 cm. |
| 500 ## - GENERAL NOTE |
| General note |
Translation of: Karl Friedrich Schinkel : Führer zu seinen Bauten |
| 504 ## - BIBLIOGRAPHY, ETC. NOTE |
| Bibliography, etc |
Includes bibliographical references (p. 398-399) and index. |
| 505 0# - FORMATTED CONTENTS NOTE |
| Formatted contents note |
Pt. I. Berlin and Potsdam / edited for the Schinkel-Zentrum of the Technical University Berlin by Johannes Cramer, Ulrike Laible und Hans-Dieter Nägelke -- Pt. II. From Aachen through Mark Brandenburg to Saint Petersburg / edited for the Haus der Brandenburgisch-Preussischen Geschichte by Andreas Bernhard. |
| 600 10 - SUBJECT ADDED ENTRY--PERSONAL NAME |
| Personal name |
Schinkel, Karl Friedrich, |
| Dates associated with a name |
1781-1841 |
| Form subdivision |
Themes, motives. |
| 650 #0 - SUBJECT ADDED ENTRY--TOPICAL TERM |
| Topical term or geographic name as entry element |
Neoclassicism (Architecture) |
| Geographic subdivision |
Germany |
| Form subdivision |
Guidebooks. |
| 650 #0 - SUBJECT ADDED ENTRY--TOPICAL TERM |
| Topical term or geographic name as entry element |
Neoclassicism (Architecture) |
| Geographic subdivision |
Europe |
| Form subdivision |
Guidebooks. |
| 700 1# - ADDED ENTRY--PERSONAL NAME |
| Personal name |
Cramer, Johannes, |
| Dates associated with a name |
1950- |
| 700 1# - ADDED ENTRY--PERSONAL NAME |
| Personal name |
Laible, Ulrike. |
| 700 1# - ADDED ENTRY--PERSONAL NAME |
| Personal name |
Nägelke, Hans-Dieter. |
| 700 1# - ADDED ENTRY--PERSONAL NAME |
| Personal name |
Bernhard, Andreas. |
| 776 08 - ADDITIONAL PHYSICAL FORM ENTRY |
| Display text |
Online version: |
| Main entry heading |
Schinkel, Karl Friedrich, 1781-1841. |
| Uniform title |
Karl Friedrich Schinkel. English. |
| Title |
Karl Friedrich Schinkel. |
| Edition |
1st English ed. |
| Place, publisher, and date of publication |
Munich : Deutscher Kunstverlag, c2007 |
| Record control number |
(OCoLC)608038161 |
| 942 ## - ADDED ENTRY ELEMENTS (KOHA) |
| Source of classification or shelving scheme |
|